Má pomoc Afrike zmysel?

Bibliographic Details
Main Author: Horváth, Tomáš (Author, Photographer)
Format: Book
Language:Slovak
PhysicalDescription:205 strán fotografie 21 cm
Published: Bratislava Tomáš Horváth 2020
ISBN:9788057021193
Edition:Prvé vydanie
Subjects:

MARC

LEADER 00000cam a2200000 4500
001 vtls011994045
003 SK-MaSNL
005 20260301190523.0
008 220509s2020 xo o gr 000 edslo
015 |a SNBA2021/06 
020 |a 9788057021193  |q (brožované) 
035 |a urn:nbn:sk:snk-am00gf6g 
035 |a urn:nbn:sk:snk-am3j7iy 
035 |a 0EAA3D52-198B-4539-8AC6-5B73AE24CEAE 
040 |a SNK  |b slo  |c SNK  |e rda 
041 0 |a slo 
043 |a f------ 
044 |a xo  |c SK 
072 7 |a 364-1/-7  |x Druhy sociálnej pomoci a služieb  |2 konspekt 
080 |a 341.232  |2 2011 
080 |a 364-4  |2 2011 
080 |a (6)  |2 2011 
080 |a (0:82-322.6)  |2 2011 
080 |a (0:82-4)  |2 2011 
100 1 |a Horváth, Tomáš  |4 aut  |4 pht  |9 173520 
245 1 0 |a Má pomoc Afrike zmysel?  |c autor textu a fotografií Tomáš Horváth 
250 |a Prvé vydanie 
264 1 |a Bratislava  |b Tomáš Horváth  |c 2020 
300 |a 205 strán  |b fotografie  |c 21 cm 
336 |a text  |b txt  |2 rdacontent 
336 |a statický obraz  |b sti  |2 rdacontent 
337 |a bez média  |b n  |2 rdamedia 
338 |a zväzok  |b nc  |2 rdacarrier 
650 0 7 |a humanitárna pomoc  |2 SNKPH  |9 4224 
650 0 7 |a Humanitarian assistance  |2 SNKPHeng  |9 295132 
650 0 7 |a humanitárni pracovníci  |2 SNKPH  |9 135395 
650 0 7 |a Humanitarian workers  |2 SNKPHeng  |9 546372 
651 7 |a Afrika  |2 SNKPHgeo  |9 17012 
651 7 |a Africa  |2 SNKPHeng  |9 305523 
655 7 |a autobiografické príbehy  |2 SNKPH  |9 70622 
655 7 |a Autobiographical stories  |2 SNKPHeng  |9 302869 
655 7 |a úvahy  |2 SNKPH  |9 29403 
655 7 |a Essays  |2 SNKPHeng  |9 267540 
919 |a 978-80-570-2119-3 
958 |a AF 
958 |a SP 
958 |a BX 
999 |c 867818  |d 869748 
952 |a SNK  |b SNK  |y VYP  |7 0  |p 17A1449905  |o snkSD 89634 D1  |i snk2021/980  |8 0  |0 0  |1 0  |4 0  |d 2021-02-24  |l 0  |r 2026-02-24 05:32:33  |w 2026-02-24 
952 |a SNK  |b SNK  |y PREZ  |7 0  |p 17A1449904  |o snkSD 89634  |i snk2021/979  |8 0  |0 0  |1 0  |4 0  |d 2021-02-24  |f 1  |l 0  |r 2026-02-24 05:32:33  |w 2026-02-24